| 000 | 00349nam a22001577a 4500 | ||
|---|---|---|---|
| 003 | SGT | ||
| 020 | _a978-81-8473-510-9 | ||
| 082 |
_a617.672 _bM13M |
||
| 100 | _aMAHALAKSHMI,S. | ||
| 245 | _aMATERIALS USED IN DENTISTRY | ||
| 250 | _a1ST | ||
| 260 |
_aDELHI _bWOLTERS KLUWER _c2013 |
||
| 300 | _a832 | ||
| 650 | _aPROSTHODONTICS | ||
| 942 |
_2ddc _cBK |
||
| 999 |
_c10846 _d10846 |
||